[Event "Sao Manuel op 1st"]
[White "Sabino, Fernando Henrique L"]
[Black "Tsiloufas, Stergios Pericles"]
[Site "Sao Manuel"]
[Round "3"]
[Result "0-1"]
[Date "2023.09.23"]
[WhiteElo "1800"]
[BlackElo "1485"]
[PlyCount "42"]
[EventDate "2023.09.23"]
[EventType "swiss"]
[EventRounds "5"]
[EventCountry "BRA"]
[SourceTitle "CBM 216 Extra"]
[Source "ChessBase"]
[SourceDate "2023.11.30"]
[SourceVersion "1"]
[SourceVersionDate "2023.11.30"]
[SourceQuality "1"]

1. e4 c5 2. Nf3 e6 3. d4 cxd4 4. Nxd4 a6 5. Be3 Nf6 6. Nc3 Qc7 7. g3 Bb4 8. Qd2 Nxe4 9. Qd3 Nxc3 10. Bd2 Nd5 11. Bg2 Bxd2+ 12. Qxd2 Nc6 13. Bxd5 Qe5+ 14. Ne2 Qxd5 15. Qc3 Qxh1+ 16. Kd2 Qxa1 17. Qxg7 Rf8 18. Nc3 Qxb2 19. Qxh7 d5 20. h4 Qb6 21. f4 Qb4 0-1